000 00291nam a2200121Ia 4500
008 220120s9999||||xx |||||||||||||| ||und||
020 _a9780758707239
082 _a003 BAN
100 _aBanks, Jerry
245 0 _aDiscrete event system simulation
260 _bNew York
300 _a66p.
_b0
999 _c136415
_d136415